Úvod do neformálního vzdělávání /

Hlavní autor: Novosádová, Monika, 1977-
Korporativní autor: Eurodesk (informační síť)
Další autoři: Příšovská, Lucie
Jazyk: Čeština
Vydáno: Praha : Dům zahraniční spolupráce (DZS), 2019
Témata:
Fyzický popis: 82 stran : ilustrace (převážně barevné) ; 22 cm
Knihy
Uloženo v:
LEADER 01700nam a2200469 i 4500
001 nkc20203233829
003 CZ PrNK
005 20220920072621.0
007 ta
008 200703s2019 xr a e f 000 0 cze
015 |a cnb003233829 
020 |a 978-80-88153-68-9  |q (kroužková vazba) 
035 |a (OCoLC)1200256938 
040 |a OLA001  |b cze  |e rda 
072 7 |a 37  |x Výchova a vzdělávání  |2 Konspekt  |9 22 
080 |a 374  |2 MRF 
080 |a 374.32  |2 MRF 
080 |a (072)  |2 MRF 
100 1 |a Novosádová, Monika,  |d 1977-  |7 xx0093628  |4 aut 
245 1 0 |a Úvod do neformálního vzdělávání /  |c autoři: Monika Novosádová, Lucie Příšovská 
264 1 |a Praha :  |b Dům zahraniční spolupráce (DZS),  |c 2019 
300 |a 82 stran :  |b ilustrace (převážně barevné) ;  |c 22 cm 
336 |a text  |b txt  |2 rdacontent 
337 |a bez média  |b n  |2 rdamedia 
338 |a svazek  |b nc  |2 rdacarrier 
500 |a Název z obálky 
500 |a Pod názvem: Eurodesk 
500 |a 700 výtisků 
504 |a Obsahuje bibliografii a bibliografické odkazy 
650 0 7 |a neformální vzdělávání  |7 ph459479  |2 czenas 
650 0 7 |a práce s mládeží  |7 ph124700  |2 czenas 
650 0 9 |a non-formal education  |2 eczenas 
650 0 9 |a work with youth  |2 eczenas 
655 7 |a metodické příručky  |7 fd132826  |2 czenas 
655 9 |a methodological manuals  |2 eczenas 
700 1 |a Příšovská, Lucie  |7 hka2015861054  |4 aut 
710 2 |a Eurodesk (informační síť)  |7 pna2011635712  |4 oth 
910 2 |a BOA001  |b 2-1447.835,1 
990 |a BK 
995 |a 01 
991 |b 202007  |c NOV 
996 6 |b 2610830026  |c 2-1447.835,1  |l MZK  |r Sklad / do 1 hodiny  |n 4  |p p.v.  |w 001812967  |u 000010  |a 1  |e BOA001  |j MZK50  |s P